000 00517nam a2200193Ia 4500
001 12468
003 GE_BSU
008 181216s||||||||xx |||||||||||||| ||und||
040 _cGE_BSU
080 _a631.1(075.32)
100 _aПрокошев,В.Н.;Глумов,Г.А.;Гоганов,А.В.
245 _aОсновы земледелия
260 _aМосква
260 _bКолос
260 _c1966
300 _a415стр.илл.22см.
653 _aОсновы земледелия
942 _cBK
999 _c45642
_d45642